Biblioteca

La gran solución. Matrimonio - Divorcio - Nuevas nupcias / Darío Silva-Silva, Danial Ardila, Jorge Bunch (Registro nro. 32531)

Detalles MARC
000 -LÍDER
Campo fijo de descripción fija 010120000a22001930004500
041 0# - CÓDIGO DE IDIOMA
Código de idioma para texto/pista de sonido o título separado
082 04 - NÚMERO DE CLASIFICACIÓN DECIMAL DEWEY
Número de clasificación G 170.1 S5861g
001 - NÚMERO DE CONTROL
Campo de control 1207
100 1# - ASIENTO PRINCIPAL--NOMBRE PERSONAL
Nombre personal Silva Silva, Darío
245 10 - TÍTULO
Título del Material La gran solución. Matrimonio - Divorcio - Nuevas nupcias / Darío Silva-Silva, Danial Ardila, Jorge Bunch
260 ## - PUBLICACIÓN, DISTRIBUCIÓN, ETC. (PIE DE IMPRENTA)
Lugar de publicación, distribución, etc. Bogotá, Colombia : Actualidades Casa Roca
300 ## - DESCRIPCIÓN FÍSICA
Extensión 64 Pag.
336 ## - CONTENT TYPE
Content type term texto
Content type code txt
Source rdacontent
337 ## - MEDIA TYPE
Source rdamedia
Media type term sin mediación
Media type code n
338 ## - CARRIER TYPE
Source rdacarrier
Carrier type term volumen
Carrier type code nc
505 00 - NOTA DE CONTENIDO
Nota de contenido con formato preestablecido un regreso a la biblia -- introducción -- ¿qué es el matrimonio... -- el divorcio según Jesús -- el divorcio según Pablo -- los protestantes y el divorcio -- el drama de los nuevos creyentes -- veinte siglos después -- el divorcio en la historia -- la iglesia primitiva -- el divorcio en la iglesia oriental -- el divorcio en la iglesia occidental -- conclusión -- aspectos jurídicos del divorcio -- el divorcio y la constitución -- la ley reglamentaria
650 14 - ASIENTO SECUNDARIO DE MATERIA - TERMINO TEMÁTICO
Término temático o nombre geográfico como elemento de entrada DIVORCIO
942 ## - TIPO DE MATERIAL (KOHA)
Tipo de Item KOHA Libros General
Existencias
Estado de Material Estado de Perdido Estado de Dañado No para Préstamo Colección Tomo Biblioteca de Origen Biblioteca Permanente Fecha de Adquisición Total de Préstamos Total de Renovaciones Signatura Topográfica Código de Barras Última vez visto Última vez Préstado Ejemplar/Existencia Fecha de Remplazo Tipo de Material
        Colección General   Biblioteca FUSBC Biblioteca FUSBC 11/10/2004 4 1 G 170.1 S5861g 587 12/12/2019 05/10/2017 1 26/01/2016 Libros General

Biblioteca FUSBC | Teléfono: (57+4) 349 88 10 Ext. 141| WhatsApp (+57) 3005338115 
E-mail: biblioteca@unisbc.edu.co | Calle 76 87-14 Robledo Palenque, Medellín, Colombia

Con tecnología Koha